[Event "Douglas Livie Memorial e-mail 2004"]
[Site "Scottish CCA"]
[Date "2004.06.14"]
[Round "?"]
[White "Berthelsen, Roald "]
[Black "Borwell, Alan P"]
[Result "0-1"]
[WhiteElo "2180"]
[BlackElo "2229"]
[PlyCount "75"]
[EventDate "2004.06.14"]
[Source "SCCA"]
[SourceDate "2008.02.08"]

1. e4 c5 2. Nf3 Nc6 3. Bb5 e6 4. Bxc6 bxc6 5. d3 Qc7 6. O-O Ne7 7. Nc3 Ng6 8.
Re1 e5 9. Ne2 Be7 10. Ng3 O-O 11. Nf5 Rb8 12. Nxe7+ Nxe7 13. b3 d6 14. Nh4 f5
15. Qh5 f4 16. c3 Be6 17. d4 cxd4 18. cxd4 Rb5 19. Qd1 c5 20. d5 Bd7 21. Nf3
Ng6 22. Qd3 Rb7 23. Bd2 Rfb8 24. Qc3 Qd8 25. Rec1 Bg4 26. Rab1 Nh4 27. Nxh4
Qxh4 28. f3 Bd7 29. Be1 Qh6 30. Rb2 g5 31. Rcc2 Qg6 32. g3 g4 33. Rg2 gxf3 34.
Qxf3 Bg4 35. Qd3 c4 36. Qxc4 Rc8 37. Qd3 Rc1 38. Qe2 0-1

[Event "Douglas Livie Memorial e-mail 2004"]
[Site "Scottish CCA"]
[Date "2004.06.14"]
[Round "?"]
[White "Berthelsen, Roald "]
[Black "Craig, Tom James"]
[Result "1/2-1/2"]
[WhiteElo "2180"]
[BlackElo "2403"]
[PlyCount "56"]
[EventDate "2004.06.14"]
[Source "SCCA"]
[SourceDate "2008.02.08"]

1. e4 c5 2. Nf3 d6 3. Bb5+ Nd7 4. d4 Ngf6 5. Nc3 a6 6. Bxd7+ Nxd7 7. O-O e6 8.
Bg5 Qc7 9. Re1 cxd4 10. Qxd4 Ne5 11. Rad1 Bd7 12. Nxe5 dxe5 13. Qd2 b5 14. a3
f6 15. Be3 Be7 16. f4 exf4 17. Bxf4 Bc5+ 18. Be3 Rd8 19. e5 O-O 20. Bxc5 Qxc5+
21. Qe3 Qxe3+ 22. Rxe3 Bc8 23. Rxd8 Rxd8 24. Ne4 fxe5 25. Nc5 Kf7 26. Kf2 Rd2+
27. Re2 Rd5 28. b4 Kf6 1/2-1/2

[Event "Douglas Livie Memorial e-mail 2004"]
[Site "Scottish CCA"]
[Date "2004.06.14"]
[Round "?"]
[White "Berthelsen, Roald "]
[Black "Geider, Frank"]
[Result "0-1"]
[WhiteElo "2180"]
[BlackElo "2412"]
[PlyCount "80"]
[EventDate "2004.06.14"]
[Source "SCCA"]
[SourceDate "2008.02.08"]

1. e4 e5 2. Nf3 Nc6 3. Bb5 Nf6 4. O-O Nxe4 5. d4 Nd6 6. Bxc6 dxc6 7. dxe5 Nf5
8. Qxd8+ Kxd8 9. Nc3 h6 10. Rd1+ Ke8 11. h3 Ne7 12. Bf4 Ng6 13. Be3 a6 14. a3
Be6 15. Ne4 Bf5 16. Nfd2 Nxe5 17. Re1 f6 18. f4 Bxe4 19. Nxe4 Nc4 20. f5 Kf7
21. Rad1 Nxe3 22. Rxe3 Re8 23. Rd7+ Re7 24. Red3 b6 25. g4 h5 26. Kg2 hxg4 27.
hxg4 Rh4 28. Kg3 Rh1 29. Rd2 a5 30. c4 Re1 31. Rxe7+ Kxe7 32. Kf3 Rf1+ 33. Rf2
Rc1 34. Re2 Kd7 35. Rd2+ Bd6 36. c5 bxc5 37. Ke2 Ke7 38. Rd1 Rc4 39. Kd3 Rd4+
40. Ke3 Rxd1 0-1

[Event "Douglas Livie Memorial e-mail 2004"]
[Site "Scottish CCA"]
[Date "2004.06.14"]
[Round "?"]
[White "Berthelsen, Roald "]
[Black "Halme, Olavi"]
[Result "0-1"]
[WhiteElo "2180"]
[BlackElo "2240"]
[PlyCount "122"]
[EventDate "2004.06.14"]
[Source "SCCA"]
[SourceDate "2008.02.08"]

1. e4 e5 2. Nf3 Nf6 3. Nxe5 d6 4. Nxf7 Kxf7 5. d4 g6 6. Nc3 Be6 7. Be2 Bg7 8.
f4 Re8 9. O-O Kg8 10. Bf3 c6 11. e5 Nfd7 12. Ne4 Bf8 13. Ng5 Bc4 14. Re1 Be7
15. b3 Bd5 16. Bxd5+ cxd5 17. Qf3 Nb6 18. Nxh7 Qc8 19. exd6 Bh4 20. Rxe8+ Qxe8
21. Bd2 Qf7 22. Ng5 Bxg5 23. fxg5 Qxf3 24. gxf3 Nc6 25. c3 Kf7 26. Kf2 Ke6 27.
Bf4 Kd7 28. Kg3 Nc8 29. h4 Nxd6 30. Bxd6 Kxd6 31. Kg4 Rh8 32. Rh1 Rh5 33. Re1
Ne7 34. Re5 b5 35. f4 Rh8 36. a3 a6 37. b4 Rh7 38. Re2 Nf5 39. Rh2 Ke6 40. Re2+
Kf7 41. Rh2 Rh8 42. h5 Re8 43. h6 Re3 44. Rh3 Re8 45. Rh2 Kg8 46. Rh3 Re2 47.
Rh1 Kh7 48. Kf3 Re3+ 49. Kf2 Rxc3 50. Re1 Rc2+ 51. Kf3 Rc3+ 52. Kf2 Rxa3 53.
Rc1 Re3 54. Rc7+ Re7 55. Rc6 Ra7 56. Rc5 Rd7 57. Rc6 Nxd4 58. Rxa6 Nc2 59. Rb6
d4 60. Ke2 d3+ 61. Kd2 Ne3 0-1

[Event "Douglas Livie Memorial e-mail 2004"]
[Site "Scottish CCA"]
[Date "2004.06.14"]
[Round "?"]
[White "Berthelsen, Roald "]
[Black "Martin Molinero, Raul"]
[Result "0-1"]
[WhiteElo "2180"]
[BlackElo "2356"]
[PlyCount "76"]
[EventDate "2004.06.14"]
[Source "SCCA"]
[SourceDate "2008.02.08"]

1. e4 c6 2. d4 d5 3. exd5 cxd5 4. c4 Nf6 5. Nc3 Nc6 6. cxd5 Nxd5 7. Nf3 e6 8.
Bd3 Be7 9. O-O O-O 10. Re1 Nf6 11. a3 b6 12. Bc2 Ba6 13. b4 Rc8 14. Bb2 Bc4 15.
b5 Na5 16. Ne5 a6 17. bxa6 Bxa6 18. Ne4 Nd5 19. Qb1 Bb7 20. h3 f5 21. Nd2 Nf4
22. Ndf3 Bd6 23. Bd1 Bxe5 24. dxe5 Nc4 25. Bc1 Nd3 26. Bg5 Qd5 27. Rf1 f4 28.
Be2 Ndxe5 29. Rd1 Qa5 30. Nxe5 Nxe5 31. Qb3 Bd5 32. Qb5 Qc3 33. Qxb6 Rc6 34.
Qd4 f3 35. Qxc3 Rxc3 36. Bf1 fxg2 37. Bxg2 Nf3+ 38. Bxf3 Rfxf3 0-1

[Event "Douglas Livie Memorial e-mail 2004"]
[Site "Scottish CCA"]
[Date "2004.06.14"]
[Round "?"]
[White "Berthelsen, Roald "]
[Black "Pyrich, George"]
[Result "1/2-1/2"]
[WhiteElo "2180"]
[BlackElo "2373"]
[PlyCount "70"]
[EventDate "2004.06.14"]
[Source "SCCA"]
[SourceDate "2008.02.08"]

1. e4 c5 2. Nf3 d6 3. Bb5+ Nc6 4. O-O Bd7 5. c3 Nf6 6. Re1 a6 7. Bxc6 Bxc6 8.
d4 Bxe4 9. Bg5 Bc6 10. Bxf6 gxf6 11. d5 Bd7 12. Nh4 Qc7 13. Qh5 Rg8 14. Qxh7
Rg7 15. Qd3 O-O-O 16. c4 Rg4 17. Nf3 e5 18. dxe6 fxe6 19. Re4 Rxe4 20. Qxe4 f5
21. Qe3 d5 22. Nbd2 d4 23. Qe2 Bd6 24. Re1 Rh8 25. Ne5 Bc6 26. g3 Qh7 27. h4
Be8 28. Nef3 Bd7 29. Ne5 Re8 30. b4 cxb4 31. c5 Bxe5 32. Qxe5 Qh8 33. Qd6 Bb5
34. c6 bxc6 35. Qxb4 Qf8 1/2-1/2

[Event "Douglas Livie Memorial e-mail 2004"]
[Site "Scottish CCA"]
[Date "2004.06.14"]
[Round "?"]
[White "Borwell, Alan P"]
[Black "Brown, Dr.  Alan C"]
[Result "1/2-1/2"]
[WhiteElo "2229"]
[BlackElo "2393"]
[PlyCount "59"]
[EventDate "2004.06.14"]
[Source "SCCA"]
[SourceDate "2008.02.08"]

1. d4 Nf6 2. Bg5 d5 3. Bxf6 exf6 4. e3 c6 5. Bd3 Qb6 6. b3 Bd6 7. Ne2 O-O 8.
O-O Na6 9. a3 Qc7 10. Ng3 f5 11. Qh5 g6 12. Qf3 Qa5 13. Rc1 Re8 14. c3 Nc7 15.
b4 Qb6 16. Nd2 Ne6 17. Nb3 Ng5 18. Qd1 f4 19. exf4 Bxf4 20. Rc2 Qc7 21. a4 Ne4
22. a5 Nf6 23. Nf1 Bg4 24. f3 Bd7 25. Nc5 Bd6 26. Nxd7 Qxd7 27. Qd2 Re7 28. Re1
Rae8 29. Rxe7 Rxe7 30. Qg5 1/2-1/2

[Event "Douglas Livie Memorial e-mail 2004"]
[Site "Scottish CCA"]
[Date "2004.06.14"]
[Round "?"]
[White "Borwell, Alan P"]
[Black "Craig, Tom James"]
[Result "1/2-1/2"]
[WhiteElo "2229"]
[BlackElo "2403"]
[PlyCount "80"]
[EventDate "2004.06.14"]
[Source "SCCA"]
[SourceDate "2008.02.08"]

1. d4 Nf6 2. Bg5 Ne4 3. Bf4 c5 4. f3 Qa5+ 5. c3 Nf6 6. d5 Qb6 7. b3 e6 8. e4
exd5 9. exd5 Bd6 10. Bg5 Be7 11. d6 Qxd6 12. Qxd6 Bxd6 13. Bxf6 gxf6 14. Bc4
Be7 15. Ne2 d6 16. Nd2 Nd7 17. Nf4 Rb8 18. Nd5 Kd8 19. O-O-O b5 20. Nxe7 Kxe7
21. Rhe1+ Kd8 22. Bd5 f5 23. Nf1 Re8 24. Rxe8+ Kxe8 25. Ne3 Ne5 26. f4 Ng4 27.
Re1 Kf8 28. g3 Nxe3 29. Rxe3 Be6 30. Bf3 a5 31. Kc2 Ke7 32. a3 Kd7 33. Kb2 d5
34. b4 Kd6 35. Rd3 axb4 36. axb4 Ra8 37. Rd2 Ra7 38. Bd1 cxb4 39. cxb4 Rc7 40.
Be2 Rc6 1/2-1/2

[Event "Douglas Livie Memorial e-mail 2004"]
[Site "Scottish CCA"]
[Date "2004.06.14"]
[Round "?"]
[White "Borwell, Alan P"]
[Black "Geider, Frank"]
[Result "0-1"]
[WhiteElo "2229"]
[BlackElo "2412"]
[PlyCount "92"]
[EventDate "2004.06.14"]
[Source "SCCA"]
[SourceDate "2008.02.08"]

1. d4 Nf6 2. Bg5 c5 3. d5 Qb6 4. Nc3 Qxb2 5. Bd2 Qb6 6. e4 e5 7. f4 d6 8. fxe5
dxe5 9. Nf3 Nbd7 10. Bc4 Qd8 11. Rb1 Bd6 12. O-O O-O 13. Qe1 Ne8 14. a4 a6 15.
Nh4 Ndf6 16. Nf3 Bc7 17. Bg5 Qd6 18. Nd1 Qd7 19. Nc3 h6 20. Bh4 Nh5 21. Bf2 b6
22. Ba2 Qd6 23. Be3 Nhf6 24. Bf2 Kh7 25. Nd2 Qe7 26. Nc4 Nd7 27. d6 Nxd6 28.
Nd5 Qd8 29. Nxd6 Bxd6 30. Bc4 Ra7 31. Bh4 f6 32. Qf2 Qe8 33. Rfd1 Be7 34. Rb3
Bd8 35. Qe2 Kh8 36. Rf1 Bb7 37. Be1 Bc6 38. Ra3 Nb8 39. Bd2 Bxa4 40. Rg3 Nc6
41. c3 b5 42. Ba2 c4 43. Bb1 Rff7 44. Qh5 Qf8 45. Be3 Rab7 46. Qg6 b4 0-1

[Event "Douglas Livie Memorial e-mail 2004"]
[Site "Scottish CCA"]
[Date "2004.06.14"]
[Round "?"]
[White "Borwell, Alan P"]
[Black "Halme, Olavi"]
[Result "0-1"]
[WhiteElo "2229"]
[BlackElo "2240"]
[PlyCount "62"]
[EventDate "2004.06.14"]
[Source "SCCA"]
[SourceDate "2008.02.08"]

1. d4 Nf6 2. Bg5 d5 3. Bxf6 exf6 4. c4 dxc4 5. e3 Be6 6. Ne2 Bb4+ 7. Nd2 c5 8.
a3 Ba5 9. dxc5 Nc6 10. Nf4 c3 11. bxc3 Bxc3 12. Rc1 Bb3 13. Qe2 Ba5 14. Qd3 g5
15. Rb1 Bc4 16. Qxd8+ Rxd8 17. Bxc4 Rxd2 18. O-O gxf4 19. Rxb7 O-O 20. exf4 Rc2
21. Bd5 Nd4 22. Rxa7 Rxc5 23. Rd7 Ne2+ 24. Kh1 Nxf4 25. Bf3 Ng6 26. Rd5 Rxd5
27. Bxd5 Rd8 28. Bc6 Ne5 29. Bb5 Rd2 30. h3 Nd3 31. Bxd3 Rxd3 0-1

[Event "Douglas Livie Memorial e-mail 2004"]
[Site "Scottish CCA"]
[Date "2004.06.14"]
[Round "?"]
[White "Borwell, Alan P"]
[Black "Martin Molinero, Raul"]
[Result "1/2-1/2"]
[WhiteElo "2229"]
[BlackElo "2356"]
[PlyCount "57"]
[EventDate "2004.06.14"]
[Source "SCCA"]
[SourceDate "2008.02.08"]

1. d4 f5 2. e4 fxe4 3. Nc3 Nf6 4. Bg5 c6 5. f3 d5 6. fxe4 dxe4 7. Bc4 Bg4 8.
Nge2 b5 9. Bb3 b4 10. Na4 Qa5 11. Nc5 Nbd7 12. Nxd7 Nxd7 13. Be3 e5 14. O-O
O-O-O 15. Qe1 Nf6 16. c3 Bd6 17. h3 Bh5 18. Ng3 exd4 19. cxd4 Bg6 20. Be6+ Kb8
21. Nf5 Bxf5 22. Rxf5 Nd5 23. Bg5 Rde8 24. Bd7 g6 25. Rf7 Ref8 26. Rxf8+ Rxf8
27. Qxe4 Qc7 28. Bg4 Bf4 29. Bxf4 1/2-1/2

[Event "Douglas Livie Memorial e-mail 2004"]
[Site "Scottish CCA"]
[Date "2004.06.14"]
[Round "?"]
[White "Borwell, Alan P"]
[Black "Pyrich, George"]
[Result "1/2-1/2"]
[WhiteElo "2229"]
[BlackElo "2373"]
[PlyCount "62"]
[EventDate "2004.06.14"]
[Source "SCCA"]
[SourceDate "2008.02.08"]

1. d4 e6 2. c4 Nf6 3. Nf3 c5 4. d5 exd5 5. cxd5 d6 6. Nc3 g6 7. e4 Bg7 8. Bf4
O-O 9. Nd2 a6 10. a4 Ng4 11. Be2 Ne5 12. O-O Nbd7 13. Bg3 g5 14. Qc2 Qe7 15.
Nd1 Nf6 16. a5 Bd7 17. Ne3 Ng6 18. Rae1 Nf4 19. Bxf4 gxf4 20. Nec4 Bb5 21. Nb6
Bxe2 22. Rxe2 Rad8 23. Nf3 Nd7 24. Nc4 Kh8 25. g3 Rg8 26. Kh1 Ne5 27. Ncxe5
Bxe5 28. Nxe5 Qxe5 29. Qc3 f6 30. Qf3 fxg3 31. fxg3 Rgf8 1/2-1/2

[Event "Douglas Livie Memorial e-mail 2004"]
[Site "Scottish CCA"]
[Date "2004.06.14"]
[Round "?"]
[White "Brown, Dr.  Alan C"]
[Black "Berthelsen, Roald "]
[Result "1/2-1/2"]
[WhiteElo "2393"]
[BlackElo "2180"]
[PlyCount "122"]
[EventDate "2004.06.14"]
[Source "SCCA"]
[SourceDate "2008.02.08"]

1. c4 Nf6 2. g3 g6 3. Bg2 Bg7 4. Nc3 c5 5. e4 Nc6 6. Nge2 O-O 7. a3 d6 8. Rb1
Ne5 9. d3 Bg4 10. O-O Nf3+ 11. Kh1 Nd4 12. f3 Bd7 13. b4 Nxe2 14. Qxe2 Ne8 15.
Bb2 Nc7 16. f4 Ne6 17. Qe3 Bd4 18. Qd2 Ng7 19. Nd5 e6 20. Ne3 Rb8 21. bxc5 dxc5
22. Bxd4 cxd4 23. Ng4 Bc6 24. c5 Qe7 25. Qa5 f6 26. e5 fxe5 27. Bxc6 bxc6 28.
Nxe5 Rxb1 29. Rxb1 g5 30. Rf1 Nf5 31. Qb4 Ne3 32. Rb1 Rd8 33. Rc1 Kh8 34. Qa4
gxf4 35. gxf4 Qf6 36. Qxa7 Rf8 37. Rg1 Nd5 38. Rf1 Nxf4 39. Qc7 Qg5 40. Rg1 Qf6
41. Nd7 Qf5 42. Qe5+ Qxe5 43. Nxe5 Rf5 44. Nxc6 Rxc5 45. Nxd4 h5 46. a4 e5 47.
Nb3 Rc6 48. Rb1 Nxd3 49. a5 Rc7 50. Kg2 Kg7 51. a6 Ra7 52. Ra1 Kf6 53. Kf3 Kf5
54. Ra5 Nb4 55. Nc5 Nc6 56. Ra4 Nd4+ 57. Ke3 Nc6 58. Rh4 Kg5 59. Re4 Kf5 60.
Ra4 Ra8 61. h3 Ne7 1/2-1/2

[Event "Douglas Livie Memorial e-mail 2004"]
[Site "Scottish CCA"]
[Date "2004.06.14"]
[Round "?"]
[White "Brown, Dr.  Alan C"]
[Black "Lambert, Grant R"]
[Result "1/2-1/2"]
[WhiteElo "2393"]
[BlackElo "2386"]
[PlyCount "101"]
[EventDate "2004.06.14"]
[Source "SCCA"]
[SourceDate "2008.02.08"]

1. c4 e5 2. g3 d6 3. Bg2 f5 4. d3 Nf6 5. Nf3 g6 6. O-O Bg7 7. Nc3 O-O 8. Rb1 h6
9. b4 g5 10. Ne1 Qe8 11. Bb2 Qh5 12. e3 g4 13. f4 gxf3 14. Qxf3 Qg5 15. Qe2 Nc6
16. Nf3 Qg4 17. b5 Ne7 18. Qd2 Be6 19. Nh4 Rab8 20. Nd1 Nd7 21. Nf2 Qg5 22. Nf3
Qh5 23. Qa5 Rfc8 24. e4 fxe4 25. Nxe4 a6 26. bxa6 bxa6 27. Rf2 Rb6 28. Rbf1 Rf8
29. c5 Nc6 30. Qc3 Nxc5 31. Nxc5 dxc5 32. Qxc5 Qe8 33. Ba3 Qd8 34. h3 Rf7 35.
Qe3 Rb5 36. Bc5 Bd5 37. Nd2 Rxf2 38. Rxf2 Rb2 39. Ne4 Rxf2 40. Qxf2 Nd4 41. Kh2
c6 42. Bxd4 exd4 43. Nc5 Qe7 44. Nxa6 Qa3 45. Bxd5+ cxd5 46. Nc7 Qxd3 47. Qg2
Qd1 48. Qxd5+ Kh7 49. Qe4+ Kg8 50. Nd5 d3 51. Qe6+ 1/2-1/2

[Event "Douglas Livie Memorial e-mail 2004"]
[Site "Scottish CCA"]
[Date "2004.06.14"]
[Round "?"]
[White "Brown, Dr.  Alan C"]
[Black "Mackintosh, Iain"]
[Result "1-0"]
[WhiteElo "2393"]
[BlackElo "2328"]
[PlyCount "121"]
[EventDate "2004.06.14"]
[Source "SCCA"]
[SourceDate "2008.02.08"]

1. e4 e5 2. Nf3 Nc6 3. d4 exd4 4. Bc4 Nf6 5. O-O Nxe4 6. Re1 d5 7. Bxd5 Qxd5 8.
Nc3 Qa5 9. Nxe4 Be7 10. Bg5 f6 11. Nxf6+ gxf6 12. Bxf6 Rf8 13. Bxe7 Nxe7 14.
Qxd4 Qb6 15. Qc3 Be6 16. Rad1 Rd8 17. Rxd8+ Kxd8 18. Qe5 Rxf3 19. gxf3 Kd7 20.
b3 Qd6 21. Qe2 Bd5 22. c4 Qg6+ 23. Kh1 Be6 24. Qe5 Nc6 25. Rd1+ Kc8 26. Qh8+
Qg8 27. Qxg8+ Bxg8 28. f4 Be6 29. Kg2 Nb4 30. Kf3 b5 31. Re1 Kd7 32. cxb5 Nxa2
33. Re3 Kd6 34. Ke4 Bd5+ 35. Kd4 Bf7 36. f5 Nb4 37. Ke4 c5 38. bxc6 Nxc6 39.
Rd3+ Ke7 40. Kf4 Nb4 41. Rh3 Nd5+ 42. Kg5 h5 43. f4 a6 44. Rd3 Kf8 45. f6 Ke8
46. Rd1 Nc7 47. f5 Kf8 48. Rd8+ Be8 49. b4 Nb5 50. h4 Nc3 51. Ra8 Nd5 52. f7
Kxf7 53. Kxh5 Nxb4 54. Kg5 Nd3 55. h5 Nf2 56. Ra7+ Kg8 57. Re7 Bc6 58. Kg6 Nd3
59. h6 Nf4+ 60. Kg5 Nh3+ 61. Kh4 1-0

[Event "Douglas Livie Memorial e-mail 2004"]
[Site "Scottish CCA"]
[Date "2004.06.14"]
[Round "?"]
[White "Brown, Dr.  Alan C"]
[Black "Maxwell, Alistair"]
[Result "1/2-1/2"]
[WhiteElo "2393"]
[BlackElo "2081"]
[PlyCount "97"]
[EventDate "2004.06.14"]
[Source "SCCA"]
[SourceDate "2008.02.08"]

1. c4 e5 2. g3 c6 3. d4 exd4 4. Qxd4 Nf6 5. Nc3 d5 6. Nf3 Be7 7. cxd5 cxd5 8.
Bg2 Nc6 9. Qa4 O-O 10. O-O Qb6 11. Qb5 Qxb5 12. Nxb5 Bg4 13. Be3 a6 14. Nbd4
Rac8 15. Rac1 Ne4 16. h3 Nxd4 17. Nxd4 Bd7 18. Rfd1 Bf6 19. Nb3 Be6 20. Bd4 Be7
21. e3 h5 22. Be5 Rxc1 23. Rxc1 Rc8 24. Rxc8+ Bxc8 25. Nd4 f6 26. Bc7 Kf7 27.
Kf1 Bd7 28. Ke2 Bc5 29. h4 g6 30. f3 Nd6 31. Bxd6 Bxd6 32. f4 Be6 33. f5 gxf5
34. Kf2 Ke7 35. Bf3 Bf7 36. Nxf5+ Ke6 37. Ng7+ Ke5 38. Bxh5 Bf8 39. Bxf7 Bxg7
40. g4 Bh6 41. Kf3 d4 42. exd4+ Kxd4 43. Be6 a5 44. Bd7 b6 45. a4 Bc1 46. h5
Bh6 47. Ke2 Bg5 48. Kd1 Ke5 49. Kc2 1/2-1/2

[Event "Douglas Livie Memorial e-mail 2004"]
[Site "Scottish CCA"]
[Date "2004.06.14"]
[Round "?"]
[White "Brown, Dr.  Alan C"]
[Black "Rawlings, Alan JC"]
[Result "1-0"]
[WhiteElo "2393"]
[BlackElo "2254"]
[PlyCount "87"]
[EventDate "2004.06.14"]
[Source "SCCA"]
[SourceDate "2008.02.08"]

1. c4 Nf6 2. g3 g6 3. Bg2 Bg7 4. Nc3 O-O 5. e4 c5 6. Nge2 Nc6 7. a3 d6 8. Rb1
Bg4 9. b4 cxb4 10. axb4 Ne5 11. d3 Nfd7 12. h3 Bf3 13. O-O f5 14. Bxf3 Nxf3+
15. Kg2 fxe4 16. Nxe4 Nde5 17. d4 Nc6 18. d5 Nce5 19. Bf4 Qc8 20. Qb3 g5 21.
Bxe5 Bxe5 22. Ng1 Nd4 23. Qd3 Qf5 24. f3 Rac8 25. Rbc1 b5 26. cxb5 Bg7 27. Ne2
Nxe2 28. Rxc8 Rxc8 29. Qxe2 h6 30. Rd1 Rb8 31. Qd3 Qd7 32. Nc3 Bxc3 33. Qxc3
Rxb5 34. h4 gxh4 35. Rd4 h3+ 36. Kh2 h5 37. Qd3 Qe8 38. Qe3 Qg6 39. Qxe7 Rb8
40. Rf4 Re8 41. Qxa7 Re1 42. Kxh3 Rh1+ 43. Kg2 Rc1 44. g4 1-0

[Event "Douglas Livie Memorial e-mail 2004"]
[Site "Scottish CCA"]
[Date "2004.06.14"]
[Round "?"]
[White "Brown, Dr.  Alan C"]
[Black "Starke, Heiko"]
[Result "0-1"]
[WhiteElo "2393"]
[BlackElo "2401"]
[PlyCount "74"]
[EventDate "2004.06.14"]
[Source "SCCA"]
[SourceDate "2008.02.08"]

1. c4 Nf6 2. g3 c6 3. b3 e5 4. Bb2 e4 5. Bg2 d5 6. Nc3 Bc5 7. d4 Bb6 8. e3 O-O
9. Nge2 Bc7 10. O-O Re8 11. cxd5 cxd5 12. Nb5 Na6 13. Nxc7 Nxc7 14. Qd2 Ne6 15.
Rac1 Ng5 16. Nf4 Bg4 17. Qc3 Rc8 18. Qb4 Qd7 19. Rxc8 Rxc8 20. Rc1 b6 21. Rxc8+
Qxc8 22. Qc3 Qd7 23. Qb4 h6 24. Ba3 Nf3+ 25. Bxf3 Bxf3 26. Qe1 Nh7 27. Bb4 Ng5
28. Qf1 Bg4 29. Kh1 Nf3 30. h3 Bf5 31. g4 Be6 32. Ba3 Kh7 33. Ne2 Qc7 34. Ng3
Qc2 35. Be7 h5 36. gxh5 Qc8 37. Qb1 Qd7 0-1

[Event "Douglas Livie Memorial e-mail 2004"]
[Site "Scottish CCA"]
[Date "2004.06.14"]
[Round "?"]
[White "Craig, Tom James"]
[Black "Brown, Dr.  Alan C"]
[Result "1-0"]
[WhiteElo "2403"]
[BlackElo "2393"]
[PlyCount "83"]
[EventDate "2004.06.14"]
[Source "SCCA"]
[SourceDate "2008.02.08"]

1. d4 Nf6 2. c4 c5 3. d5 e6 4. Nc3 exd5 5. cxd5 d6 6. Nf3 g6 7. e4 Bg7 8. Be2
O-O 9. O-O Re8 10. Nd2 Nbd7 11. a4 a6 12. Qc2 Ne5 13. Ra3 g5 14. Nd1 Qe7 15. a5
Rb8 16. Re1 Bd7 17. Ne3 Ng6 18. Nec4 Nf4 19. Nb6 Bf5 20. Bc4 Rbd8 21. Rae3 Bg6
22. g3 N4h5 23. Bb3 Ng4 24. R3e2 Bd4 25. Kg2 Ne5 26. f3 Ng7 27. Ndc4 f6 28. Qd2
g4 29. Nxe5 fxe5 30. fxg4 Rf8 31. Qh6 Qf7 32. Bd1 Rde8 33. Nc4 Qd7 34. Qg5 Re7
35. Nb6 Qc7 36. h4 Be8 37. h5 Bb5 38. h6 Bxe2 39. Rxe2 Ref7 40. hxg7 Rxg7 41.
Qh5 Rg6 42. Bh6 1-0

[Event "Douglas Livie Memorial e-mail 2004"]
[Site "Scottish CCA"]
[Date "2004.06.14"]
[Round "?"]
[White "Craig, Tom James"]
[Black "Halme, Olavi"]
[Result "1-0"]
[WhiteElo "2403"]
[BlackElo "2240"]
[PlyCount "65"]
[EventDate "2004.06.14"]
[Source "SCCA"]
[SourceDate "2008.02.08"]

1. e4 e5 2. Nf3 Nc6 3. Bb5 Nf6 4. O-O Nxe4 5. d4 Be7 6. Re1 Nd6 7. Bxc6 dxc6 8.
dxe5 Nf5 9. Nbd2 Be6 10. b3 Bb4 11. Bb2 O-O 12. Qe2 Qe7 13. c3 Bc5 14. Ne4 Bb6
15. a4 a6 16. Ba3 c5 17. Nd4 Rad8 18. Nxe6 fxe6 19. a5 Ba7 20. Rad1 Rd5 21. Kh1
c6 22. c4 Rd4 23. Bb2 Rdd8 24. Rxd8 Rxd8 25. Rd1 Nd4 26. Qh5 Rf8 27. Qg4 Kh8
28. f4 Nf5 29. Rd3 b5 30. axb6 Bxb6 31. Qd1 h6 32. Ba3 Ra8 33. Rd7 1-0

[Event "Douglas Livie Memorial e-mail 2004"]
[Site "Scottish CCA"]
[Date "2004.06.14"]
[Round "?"]
[White "Craig, Tom James"]
[Black "Lambert, Grant R"]
[Result "0-1"]
[WhiteElo "2403"]
[BlackElo "2386"]
[PlyCount "106"]
[EventDate "2004.06.14"]
[Source "SCCA"]
[SourceDate "2008.02.08"]

1. e4 c5 2. Nf3 Nc6 3. d4 cxd4 4. Nxd4 Nf6 5. Nc3 e5 6. Ndb5 d6 7. Bg5 a6 8.
Na3 b5 9. Bxf6 gxf6 10. Nd5 f5 11. Bd3 Be6 12. c3 Bg7 13. Qh5 O-O 14. O-O f4
15. Rad1 Kh8 16. g3 Rg8 17. Kh1 Bf8 18. Be2 Rg5 19. Qf3 Bh6 20. Qd3 Rg8 21. Nc2
Na5 22. b3 Nb7 23. b4 Qf8 24. Na3 Rb8 25. Bf3 Bxd5 26. Qxd5 Qc8 27. Qd2 Qe6 28.
Qe2 Nd8 29. Rd5 Nc6 30. Rfd1 Rbd8 31. g4 Bg5 32. R5d2 Be7 33. Nb1 Na7 34. Qd3
Nc8 35. a4 bxa4 36. Qxa6 h5 37. gxh5 Qh3 38. Qe2 Nb6 39. Rc2 Nc4 40. Nd2 Nxd2
41. Rcxd2 Ra8 42. Ra1 a3 43. Rdd1 a2 44. Rg1 Rxg1+ 45. Kxg1 d5 46. exd5 e4 47.
Qxe4 Bf6 48. Qe2 Qf5 49. d6 Qb1+ 50. Qf1 Rg8+ 51. Kh1 Qxf1+ 52. Rxf1 Bxc3 53.
Bd5 a1=Q 0-1

[Event "Douglas Livie Memorial e-mail 2004"]
[Site "Scottish CCA"]
[Date "2004.06.14"]
[Round "?"]
[White "Craig, Tom James"]
[Black "Mackintosh, Iain"]
[Result "1/2-1/2"]
[WhiteElo "2403"]
[BlackElo "2328"]
[PlyCount "107"]
[EventDate "2004.06.14"]
[Source "SCCA"]
[SourceDate "2008.02.08"]

1. d4 Nf6 2. c4 e6 3. Nc3 Bb4 4. Qc2 O-O 5. a3 Bxc3+ 6. Qxc3 h6 7. Nf3 b6 8. e3
Bb7 9. Be2 d6 10. O-O Nbd7 11. b4 c5 12. Bb2 Qc7 13. Rfd1 Rfd8 14. Nd2 a6 15.
Rac1 a5 16. Bd3 axb4 17. axb4 Ra7 18. Ra1 cxd4 19. exd4 Rda8 20. Rxa7 Rxa7 21.
Ra1 Rxa1+ 22. Bxa1 b5 23. cxb5 Qd8 24. Nc4 Nd5 25. Qd2 N7b6 26. Na5 Ba8 27. Bb2
Qc7 28. Bf1 Na4 29. Bc1 Nab6 30. Qb2 Nc3 31. Bd2 Ncd5 32. Qb3 Nf6 33. Nc6 Ne4
34. Bc1 Nd5 35. Qa4 Nb6 36. Qc2 Nf6 37. Bd3 Nbd5 38. Bd2 Kf8 39. Qa4 Nb6 40.
Qa1 Kg8 41. f3 Nfd5 42. Qa7 Qxa7 43. Nxa7 Kf8 44. Kf2 Ke7 45. Nc6+ Kd7 46. Na5
g5 47. g3 Kc7 48. h4 f6 49. Nc4 Bb7 50. Nb2 Ne7 51. hxg5 hxg5 52. g4 Ned5 53.
Be4 Bc8 54. Bg6 1/2-1/2

[Event "Douglas Livie Memorial e-mail 2004"]
[Site "Scottish CCA"]
[Date "2004.06.14"]
[Round "?"]
[White "Craig, Tom James"]
[Black "Maxwell, Alistair"]
[Result "1-0"]
[WhiteElo "2403"]
[BlackElo "2081"]
[PlyCount "59"]
[EventDate "2004.06.14"]
[Source "SCCA"]
[SourceDate "2008.02.08"]

1. e4 e5 2. Nf3 Nc6 3. Bb5 a6 4. Ba4 Nf6 5. O-O Nxe4 6. d4 b5 7. Bb3 d5 8. dxe5
Be6 9. Nbd2 Nc5 10. c3 Be7 11. Bc2 Bg4 12. Re1 O-O 13. Nb3 Ne4 14. Bf4 Re8 15.
h3 Bh5 16. a4 Rb8 17. axb5 axb5 18. Ra6 Rb6 19. Rxb6 cxb6 20. Qd3 Na7 21. Nbd4
Bc5 22. b4 Bf8 23. Bb3 Bg6 24. e6 Nf6 25. Qe3 fxe6 26. Nxe6 Qc8 27. Bg5 Bf7 28.
Bxf6 Rxe6 29. Be5 Nc6 30. Bxd5 1-0

[Event "Douglas Livie Memorial e-mail 2004"]
[Site "Scottish CCA"]
[Date "2004.06.14"]
[Round "?"]
[White "Craig, Tom James"]
[Black "Starke, Heiko"]
[Result "0-1"]
[WhiteElo "2403"]
[BlackElo "2401"]
[PlyCount "96"]
[EventDate "2004.06.14"]
[Source "SCCA"]
[SourceDate "2008.02.08"]

1. d4 f5 2. c4 e6 3. g3 Nf6 4. Bg2 Bb4+ 5. Bd2 Be7 6. Nc3 O-O 7. Nf3 Ne4 8. O-O
Nxd2 9. Qxd2 d5 10. b3 c6 11. Rad1 Nd7 12. e3 b6 13. Ne2 Bd6 14. Nf4 Qe7 15.
Nd3 Bb7 16. Qc3 Rac8 17. Nfe5 Nxe5 18. dxe5 Bc7 19. f4 Qf7 20. Rd2 Rb8 21. Rc1
Rfc8 22. b4 Bd8 23. a3 Be7 24. Qb3 Bf8 25. Rdc2 c5 26. bxc5 bxc5 27. Qa2 Ba6
28. Nb2 d4 29. exd4 cxd4 30. Nd3 Qd7 31. a4 Qe7 32. Ra1 Rc7 33. Bf1 Bb7 34. Rb1
Rbc8 35. c5 Be4 36. Rb5 Kh8 37. Qb3 g5 38. fxg5 Qxg5 39. Rf2 Bd5 40. Qb1 Qe3
41. Nf4 Be4 42. Qa2 Rxc5 43. Rxc5 Bxc5 44. Qxe6 Rf8 45. Qh6 d3 46. Ng6+ Kg8 47.
Qxe3 Bxe3 48. Nxf8 Kxf8 0-1